[Event "Hessenliga 0203"]
[Site "Germany"]
[Date "2002.12.01"]
[Round "4.4"]
[White "Henrich, Thomas"]
[Black "Klueners, Juergen"]
[Result "1/2-1/2"]
[WhiteElo "2129"]
[BlackElo "2173"]
[PlyCount "99"]
[EventDate "2002.10.??"]
[EventType "team"]
[EventRounds "9"]
[EventCountry "GER"]
[SourceTitle "EXT 2004"]
[Source "ChessBase"]
[SourceDate "2003.11.25"]
[SourceVersion "1"]
[SourceVersionDate "2003.11.25"]
[SourceQuality "1"]
[WhiteTeam "Giessen"]
[BlackTeam "Baunatal"]
[WhiteTeamCountry "GER"]
[BlackTeamCountry "GER"]

1. e4 e5 2. f4 Bc5 3. Nf3 d6 4. Nc3 Nc6 5. Bb5 Bg4 6. h3 Bxf3 7. Qxf3 Nge7 8. Na4 0-0 9. c3 a6 10. Bxc6 Nxc6 11. Nxc5 dxc5 12. 0-0 Qd7 13. Qe3 c4 14. b3 cxb3 15. axb3 Rad8 16. fxe5 Nxe5 17. d4 Ng6 18. Ra5 Qe6 19. Rc5 Rd7 20. d5 Qb6 21. b4 Re8 22. h4 Rde7 23. h5 Nf8 24. Qg3 Rxe4 25. Qxc7 Qxc7 26. Rxc7 R4e7 27. Rxe7 Rxe7 28. Bf4 Nd7 29. g3 Re4 30. Rd1 f5 31. d6 Kf7 32. Kf2 Ke6 33. Kf3 Nf6 34. h6 g6 35. d7 Nxd7 36. Rd6+ Ke7 37. Rxg6 Nf8 38. Rg7+ Ke8 39. Bd6 Re6 40. Bf4 b6 41. Ra7 b5 42. Rc7 Nd7 43. Rc8+ Kf7 44. Rh8 Kg6 45. Rg8+ Kh5 46. Rg7 Nf6 47. Rg5+ Kxh6 48. Rg8+ Kh5 49. Rg5+ Kh6 50. Rg8+ 1/2-1/2